[Event "GER-ch U10"]
[Site "Willingen"]
[Date "2009.06.05"]
[Round "9"]
[White "Baberz, Alexander"]
[Black "Lehmann, Erik"]
[Result "1-0"]
[WhiteElo "1268"]
[BlackElo "943"]
[PlyCount "75"]
[EventDate "2009.05.30"]
[EventType "swiss"]
[EventRounds "11"]
[EventCountry "GER"]
[SourceTitle "EXT 2010"]
[Source "ChessBase"]
[SourceDate "2010.11.25"]
[SourceVersion "1"]
[SourceVersionDate "2010.11.25"]
[SourceQuality "1"]

1. d4 c6 2. c4 d5 3. Nc3 Nf6 4. e3 e6 5. Bd3 Bb4 6. Qc2 Nbd7 7. Nf3 Qc7 8. a3 dxc4 9. Bxc4 Bd6 10. e4 e5 11. h3 Nb6 12. Bd3 Be6 13. 0-0 Bc4 14. Bxc4 Nxc4 15. b3 exd4 16. Nxd4 Ne5 17. Nf5 0-0 18. Kh1 Rad8 19. f4 Ng6 20. Nxd6 Rxd6 21. Nb5 Qd7 22. Nxd6 Qxd6 23. e5 Nxe5 24. fxe5 Qxe5 25. Bb2 Qg5 26. Bxf6 gxf6 27. Qf5 Qh4 28. Qg4+ Qxg4 29. hxg4 Kg7 30. Rf5 Re8 31. Raf1 Re3 32. R5f3 Re4 33. Rxf6 Rxg4 34. Rxf7+ Kh8 35. Rxb7 Rg8 36. Rff7 Rg7 37. Rxg7 h5 38. Rgd7 1-0

[Event "GER-ch U10"]
[Site "Willingen"]
[Date "2009.05.30"]
[Round "1"]
[White "Lehmann, Erik"]
[Black "Nobis, Anna"]
[Result "0-1"]
[WhiteElo "943"]
[BlackElo "1269"]
[PlyCount "152"]
[EventDate "2009.05.30"]
[EventType "swiss"]
[EventRounds "11"]
[EventCountry "GER"]
[SourceTitle "EXT 2010"]
[Source "ChessBase"]
[SourceDate "2010.11.25"]
[SourceVersion "1"]
[SourceVersionDate "2010.11.25"]
[SourceQuality "1"]

1. d4 d5 2. c4 c6 3. Nf3 Nf6 4. Nc3 e6 5. Bg5 Be7 6. e3 0-0 7. Bd3 Nbd7 8. Qc2 dxc4 9. Bxc4 c5 10. d5 Nb6 11. Bd3 h6 12. Bxf6 Bxf6 13. dxe6 Bxe6 14. Rd1 Qc7 15. Ne4 Be7 16. b3 c4 17. bxc4 Nxc4 18. Bxc4 Qxc4 19. Qxc4 Bxc4 20. Rd7 Bb4+ 21. Ned2 Ba6 22. Rc7 Rac8 23. Rxc8 Rxc8 24. Kd1 Ba3 25. Nb3 b5 26. Nfd2 Bb7 27. e4 a5 28. Ke2 a4 29. Nd4 Bc1 30. N4f3 b4 31. Rd1 Ba6+ 32. Ke1 Rc3 33. Nd4 Kf8 34. f4 Re3+ 35. Kf2 Bxd2 36. Rxd2 Rxe4 37. f5 Re7 38. Nc6 Re8 39. Nxb4 Bb7 40. Rd7 Re7 41. Rd8+ Re8 42. Rd7 Be4 43. Ra7 Ra8 44. Rxa8+ Bxa8 45. Ke3 Bxg2 46. Kd4 Bf3 47. Kc5 Be2 48. Kb6 Ke7 49. Ka5 Bd1 50. Nd5+ Kd6 51. Nc3 Bc2 52. Nxa4 Bxf5 53. Nc3 Bd7 54. Nb5+ Bxb5 55. Kxb5 f5 56. Kc4 g5 57. Kd4 f4 58. h3 h5 59. Ke4 h4 60. a4 Kc5 61. a5 Kb5 62. a6 Kxa6 63. Kf3 Kb5 64. Kg4 Kc4 65. Kf3 Kd3 66. Kf2 Ke4 67. Ke2 f3+ 68. Kf2 Kf4 69. Ke1 Ke3 70. Kf1 f2 71. Kg2 Ke2 72. Kh2 Ke1 73. Kh1 f1Q+ 74. Kh2 g4 75. hxg4 Kf2 76. g5 Qg2# 0-1